[Event "V4 OPEN - International Championship of Slovakia 2
[Site "Banska Stiavnica"]
[Date "2013.07.10"]
[Round "5"]
[Board "34"]
[White "Puskar, Jan"]
[Black "Mukashev, Assan"]
[Result "0-1"]
[WhiteElo "2014"]
[BlackElo "2247"]
[PlyCount "100"]
[EventDate "2013.07.06"]
[EventRounds "9"]
[EventCountry "SVK"]

1. Nf3 Nf6 2. d4 g6 3. c3 Bg7 4. Bf4 O-O 5. e3 d6 6. Nbd2 c5 7. Bc4 Nc6 8. O-O
a6 9. a4 h6 10. h3 Kh7 11. dxc5 dxc5 12. Nb3 Nd7 13. a5 e5 14. Bh2 e4 15. Nfd2
Nce5 16. Qc2 f5 17. Rfd1 Qe7 18. Be2 Re8 19. Nc4 Nxc4 20. Bxc4 Ne5 21. Bxe5
Bxe5 22. Rd5 Bd7 23. Rad1 Bc6 24. Rxc5 Bd6 25. Rxc6 bxc6 26. Qe2 h5 27. Bxa6
Qe5 28. Rxd6 Qxd6 29. Bb7 Ra7 30. a6 Rb8 31. Qd2 Qxd2 32. Nxd2 Raxb7 33. axb7
Rxb7 34. Nc4 Kg7 35. g4 Kf6 36. b4 c5 37. bxc5 Rc7 38. gxf5 gxf5 39. Nd2 Rxc5
40. c4 Ke5 41. f3 h4 42. fxe4 fxe4 43. Kf2 Rc7 44. Ke2 Rg7 45. Nf1 Rg2+ 46. Ke1
Rc2 47. Nd2 Rc1+ 48. Kf2 Rh1 49. Kg2 Rd1 50. Nb3 Rd3 0-1

[Event "V4 OPEN - International Championship of Slovakia 2
[Site "Banska Stiavnica"]
[Date "2013.07.10"]
[Round "5"]
[Board "35"]
[White "Juhar, Roman"]
[Black "Hros, Roman"]
[Result "0-1"]
[WhiteElo "2213"]
[BlackElo "1982"]
[PlyCount "50"]
[EventDate "2013.07.06"]
[EventRounds "9"]
[EventCountry "SVK"]

1. d4 b5 2. e4 a6 3. c4 bxc4 4. Bxc4 e6 5. Nc3 Bb7 6. Qb3 Qc8 7. d5 Nf6 8. Bg5
Be7 9. Nf3 O-O 10. e5 Nxd5 11. Bxd5 Bxd5 12. Nxd5 Bxg5 13. Nxg5 exd5 14. Qxd5
Nc6 15. Qe4 g6 16. Qh4 h5 17. g4 Qe8 18. O-O-O Qxe5 19. gxh5 Rab8 20. Rd2 Rb4
21. Qg3 Qf5 22. f3 Rc4+ 23. Kd1 Qb1+ 24. Ke2 Re8+ 25. Ne4 Qxh1 0-1

[Event "V4 OPEN - International Championship of Slovakia 2
[Site "Banska Stiavnica"]
[Date "2013.07.10"]
[Round "5"]
[Board "36"]
[White "Sosovicka, Juraj"]
[Black "Lovas, Miklos"]
[Result "1/2-1/2"]
[WhiteElo "2201"]
[BlackElo "1975"]
[PlyCount "74"]
[EventDate "2013.07.06"]
[EventRounds "9"]
[EventCountry "SVK"]

1. e4 d5 2. exd5 Qxd5 3. Nc3 Qa5 4. d4 c6 5. Bc4 Nf6 6. Bd2 Bf5 7. Qe2 e6 8. d5
cxd5 9. Nxd5 Qd8 10. Nxf6+ Qxf6 11. O-O-O Be7 12. Nf3 Qg6 13. Bc3 Nc6 14. Bb5
Bg4 15. h3 Bxf3 16. gxf3 Bf6 17. Bb4 Qg5+ 18. Kb1 Qe5 19. Qxe5 Bxe5 20. Rd3 Rd8
21. Rhd1 Rxd3 22. Rxd3 Bc7 23. Bc5 a5 24. Ba4 g5 25. Rb3 Kd7 26. Rxb7 Rb8 27.
Rxb8 Bxb8 28. Bb6 Bc7 29. Bxc6+ Kxc6 30. Bxc7 Kxc7 31. c4 f5 32. Kc2 h5 33. Kd3
h4 34. b3 Kd6 35. a3 Kc5 36. Ke3 a4 37. b4+ Kxc4 1/2-1/2

[Event "V4 OPEN - International Championship of Slovakia 2
[Site "Banska Stiavnica"]
[Date "2013.07.10"]
[Round "5"]
[Board "37"]
[White "Mandak, Miroslav"]
[Black "Kalisky, Vladimir"]
[Result "1-0"]
[WhiteElo "1996"]
[BlackElo "2195"]
[PlyCount "114"]
[EventDate "2013.07.06"]
[EventRounds "9"]
[EventCountry "SVK"]

1. d4 d5 2. Nf3 c5 3. c3 Nf6 4. g3 e6 5. Bg2 Bd6 6. O-O O-O 7. Nbd2 Nc6 8. Nb3
cxd4 9. Nfxd4 Bd7 10. Nb5 Be7 11. a4 a6 12. N5d4 Ne5 13. Nd2 Qc7 14. f4 Nc4 15.
Nxc4 Qxc4 16. Kh1 b5 17. axb5 axb5 18. Be3 b4 19. Rc1 Ra2 20. b3 Qa6 21. cxb4
Bxb4 22. Nc2 Be7 23. Bf3 Rb8 24. Nd4 Bb5 25. Rc2 Ne4 26. Rxa2 Qxa2 27. Bxe4
dxe4 28. Qc1 Qa5 29. Qc2 Ba6 30. Nc6 Qc7 31. Rc1 Rb5 32. Nxe7+ Qxe7 33. Qc6 Ra5
34. Bc5 Rxc5 35. Qxc5 Qd8 36. Qe3 h5 37. Kg2 Bb7 38. Rc5 g6 39. Rc1 Kh7 40. Kf2
Qd5 41. h3 Kg8 42. g4 h4 43. Ke1 Kh7 44. Rd1 Qc6 45. b4 Qc4 46. Qc5 Qb3 47. e3
Ba6 48. Qd4 Bc4 49. Qd2 Ba6 50. Kf2 Qc4 51. Kg2 Qb5 52. Qe1 Kg7 53. g5 Qc4 54.
Rd8 e5 55. fxe5 Qc7 56. Qd2 Qc4 57. Qf2 Kh7 1-0

[Event "V4 OPEN - International Championship of Slovakia 2
[Site "Banska Stiavnica"]
[Date "2013.07.10"]
[Round "5"]
[Board "38"]
[White "Banduka, Zeljko"]
[Black "Istok, Vojtech"]
[Result "1/2-1/2"]
[WhiteElo "2168"]
[BlackElo "1952"]
[PlyCount "97"]
[EventDate "2013.07.06"]
[EventRounds "9"]
[EventCountry "SVK"]

1. c4 Nf6 2. Nc3 d5 3. e3 g6 4. cxd5 Nxd5 5. Qb3 Nb6 6. d4 Bg7 7. Nf3 O-O 8. h4
Nc6 9. d5 Bxc3+ 10. bxc3 Qxd5 11. c4 Qa5+ 12. Bd2 Qc5 13. Qb5 Nd7 14. Be2 a6
15. Qb2 f6 16. h5 g5 17. Nd4 Nb6 18. Rc1 e5 19. Nb3 Qe7 20. c5 Nd5 21. g3 Qf7
22. e4 Nde7 23. g4 Be6 24. Be3 Rfd8 25. O-O Rab8 26. Qc3 Kf8 27. Rfd1 h6 28. f3
Kg7 29. Kf2 Kf8 30. Rb1 Rxd1 31. Rxd1 Ke8 32. Rd2 Rd8 33. Rb2 Rd7 34. Nd2 Nd8
35. Nc4 Nec6 36. Na5 Nxa5 37. Qxa5 Bc4 38. Qa4 Bxe2 39. Kxe2 c6 40. Rb4 Ne6 41.
Qb3 Nf4+ 42. Bxf4 Qxb3 43. Rxb3 gxf4 44. a3 Kd8 45. Kf1 Kc7 46. Kg2 Kd8 47. Kh3
Ke7 48. a4 a5 49. Kg2 1/2-1/2

[Event "V4 OPEN - International Championship of Slovakia 2
[Site "Banska Stiavnica"]
[Date "2013.07.10"]
[Round "5"]
[Board "39"]
[White "Gombar, Peter"]
[Black "Dolnak, Michal"]
[Result "1/2-1/2"]
[WhiteElo "1964"]
[BlackElo "2167"]
[PlyCount "192"]
[EventDate "2013.07.06"]
[EventRounds "9"]
[EventCountry "SVK"]

1. e4 e5 2. Nf3 Nc6 3. Bb5 a6 4. Ba4 Nf6 5. O-O b5 6. Bb3 Bc5 7. d3 d6 8. c3
Bb6 9. Bg5 h6 10. Be3 O-O 11. Bxb6 cxb6 12. Nbd2 Qc7 13. h3 Bb7 14. Nh4 Na5 15.
Bc2 d5 16. Nf5 dxe4 17. Nxe4 Nxe4 18. dxe4 Bc8 19. Ne3 Be6 20. Nd5 Qb7 21. Qf3
Nc4 22. b3 Nd2 23. Qe3 Nxf1 24. Rxf1 Rab8 25. c4 bxc4 26. bxc4 Bxd5 27. exd5
Qc7 28. Qd3 g6 29. Re1 Kg7 30. Ba4 b5 31. cxb5 axb5 32. Bxb5 Qa5 33. Rb1 Qxa2
34. Rd1 Rfd8 35. Bc6 Rbc8 36. Qf1 Qc2 37. Rc1 Qd2 38. Rd1 Qxd1 39. Qxd1 Rxc6
40. Qb3 Rcd6 41. Qb7 Rxd5 42. Qc7 R8d7 43. Qb8 Rd1+ 44. Kh2 Re7 45. Qb4 Rdd7
46. Qc3 Kh7 47. Qc5 f5 48. f3 e4 49. fxe4 fxe4 50. Qe3 Kg7 51. Qc3+ Kf7 52.
Qb3+ Re6 53. Qe3 g5 54. Qf2+ Kg6 55. Qe3 Rd3 56. Qe2 Ra3 57. Qc4 Raa6 58. Qc2
Rab6 59. Kg1 Rbc6 60. Qb1 Rcd6 61. Qc2 Kf7 62. Qf2+ Kg6 63. Qc2 Rd3 64. Qe2 Kf7
65. Qf2+ Ke8 66. Qe2 Kd7 67. Kh2 Kd6 68. Kg1 Ke5 69. Qb2+ Rd4 70. Qe2 Red6 71.
Qb5+ R4d5 72. Qb2+ Rd4 73. Qb5+ Kf6 74. Qf1+ Ke6 75. Qe2 Rc6 76. Qg4+ Ke5 77.
Qg3+ Kd5 78. Qb3+ Rdc4 79. Qd1+ Ke5 80. Qa1+ Rc3 81. Qa5+ R6c5 82. Qd8 e3 83.
Qe7+ Kd4 84. Kh2 Kd3 85. Qd6+ Kc2 86. Qe7 R5c4 87. Qe6 Kd1 88. Qd6+ Kc1 89. Qe6
Rd4 90. Qe5 Rdd3 91. Qa5 e2 92. Qa1+ Kc2 93. Qa2+ Kd1 94. Qa1+ Kd2 95. Qb2+ Ke3
96. Qa1 Rd1 1/2-1/2

[Event "V4 OPEN - International Championship of Slovakia 2
[Site "Banska Stiavnica"]
[Date "2013.07.10"]
[Round "5"]
[Board "41"]
[White "Sepesi, Samuel"]
[Black "Pesztericz, Laszlo"]
[Result "1-0"]
[WhiteElo "1954"]
[BlackElo "2132"]
[PlyCount "59"]
[EventDate "2013.07.06"]
[EventRounds "9"]
[EventCountry "SVK"]

1. e4 c5 2. Nf3 g6 3. d4 Bg7 4. Nc3 Nc6 5. Be3 cxd4 6. Nxd4 d6 7. Qd2 Nf6 8. f3
O-O 9. Bc4 a6 10. h4 h5 11. O-O-O Qc7 12. Bb3 Ne5 13. g4 hxg4 14. h5 Nc4 15.
Bxc4 Qxc4 16. Bh6 e5 17. Bxg7 Kxg7 18. hxg6 fxg6 19. Nd5 exd4 20. Qh6+ Kf7 21.
Nxf6 Qxa2 22. Nd5 Qa1+ 23. Kd2 Qa5+ 24. b4 Qd8 25. Qh7+ Ke6 26. Rh6 Rg8 27.
Nc7+ Ke5 28. f4+ Kxf4 29. Qf7+ Kg5 30. Rdh1 1-0

[Event "V4 OPEN - International Championship of Slovakia 2
[Site "Banska Stiavnica"]
[Date "2013.07.10"]
[Round "5"]
[Board "42"]
[White "Lukac, Roman"]
[Black "Stanko, Ivan"]
[Result "1-0"]
[WhiteElo "2126"]
[BlackElo "1949"]
[PlyCount "55"]
[EventDate "2013.07.06"]
[EventRounds "9"]
[EventCountry "SVK"]

1. e4 c6 2. Nc3 g6 3. Bc4 e6 4. Qe2 Bg7 5. Nf3 Ne7 6. e5 d5 7. exd6 Qxd6 8. d4
O-O 9. Ne4 Qc7 10. Bg5 Nd5 11. O-O-O Nd7 12. h4 b5 13. Bd3 a5 14. h5 Nf4 15.
Qd2 Nxd3+ 16. Qxd3 b4 17. hxg6 fxg6 18. Kb1 c5 19. Qc4 Ra6 20. Bh6 Rc6 21. Bxg7
Kxg7 22. dxc5 Rf5 23. Qd4+ e5 24. Qe3 Nxc5 25. Qh6+ Kg8 26. Neg5 Na4 27. Nxh7
Rh5 28. Qf8+ 1-0

[Event "V4 OPEN - International Championship of Slovakia 2
[Site "Banska Stiavnica"]
[Date "2013.07.10"]
[Round "5"]
[Board "43"]
[White "Topolovsky, Vincent"]
[Black "Chlpik, Martin"]
[Result "0-1"]
[WhiteElo "1952"]
[BlackElo "2125"]
[PlyCount "80"]
[EventDate "2013.07.06"]
[EventRounds "9"]
[EventCountry "SVK"]

1. Nf3 f5 2. g3 Nf6 3. c4 d6 4. d4 g6 5. Bg2 Bg7 6. O-O O-O 7. Nc3 Qe8 8. d5
Na6 9. Nd4 Nc5 10. Ncb5 Qd8 11. f3 a6 12. Nc3 e5 13. Nb3 Nxb3 14. axb3 Rb8 15.
Qc2 c5 16. e4 b5 17. Bd2 Qb6 18. Ra2 b4 19. Ne2 Rb7 20. Raa1 Rbf7 21. Rf2 Bd7
22. h3 a5 23. Rff1 Qd8 24. Kh2 Qc8 25. Bg5 h6 26. Bd2 g5 27. g4 fxe4 28. fxe4
h5 29. gxh5 Nxh5 30. Bxg5 Rf2 31. Qd3 Bg4 32. Rxf2 Rxf2 33. Ng1 Rxb2 34. Bh4
Rxg2+ 35. Kxg2 Nf4+ 36. Kg3 Nxd3 37. hxg4 Qf8 38. Nf3 Qf4+ 39. Kg2 Qxg4+ 40.
Bg3 Qxe4 0-1

[Event "V4 OPEN - International Championship of Slovakia 2
[Site "Banska Stiavnica"]
[Date "2013.07.10"]
[Round "5"]
[Board "44"]
[White "Sosovicka, Matej"]
[Black "Jablonicky, Martin"]
[Result "1/2-1/2"]
[WhiteElo "2102"]
[BlackElo "1933"]
[PlyCount "82"]
[EventDate "2013.07.06"]
[EventRounds "9"]
[EventCountry "SVK"]

1. e4 c6 2. d4 g6 3. Nc3 d5 4. e5 h5 5. h3 Nh6 6. Nf3 Nf5 7. Bf4 h4 8. Qd2 e6
9. Bg5 Be7 10. Be2 Bxg5 11. Nxg5 Nxd4 12. Nxf7 Nxc2+ 13. Qxc2 Kxf7 14. Bd3 Qg5
15. O-O b6 16. Rae1 Ba6 17. Bxa6 Nxa6 18. Qa4 Nb8 19. Re3 Kg7 20. Rd1 Rc8 21.
Rd4 c5 22. Rg4 Qe7 23. Qc2 g5 24. Rf3 Nd7 25. Qd2 Nxe5 26. Rxg5+ Ng6 27. Rg4
Rf8 28. Qd3 Rf6 29. Ne2 Rh8 30. Nf4 Rh6 31. g3 Qf7 32. Kg2 hxg3 33. fxg3 d4 34.
Qe4 e5 35. Qxe5 Kh7 36. Qe4 Qxa2 37. Rf2 Qf7 38. Rf3 Kh8 39. Qa8+ Kh7 40. Qe4
Kh8 41. Qa8+ Kh7 1/2-1/2

[Event "V4 OPEN - International Championship of Slovakia 2
[Site "Banska Stiavnica"]
[Date "2013.07.10"]
[Round "5"]
[Board "45"]
[White "Rabovszky, Gyorgy"]
[Black "Mondrzycki, Bartlomiej"]
[Result "1/2-1/2"]
[WhiteElo "1923"]
[BlackElo "2099"]
[PlyCount "72"]
[EventDate "2013.07.06"]
[EventRounds "9"]
[EventCountry "SVK"]

1. e4 b6 2. d4 Bb7 3. Nc3 e6 4. Bd3 Bb4 5. Nf3 Nf6 6. e5 Ne4 7. Bd2 Bxc3 8.
bxc3 O-O 9. h4 f5 10. exf6 Qxf6 11. Bg5 Qf5 12. Qe2 d6 13. O-O-O Nxc3 14. Bxf5
Nxe2+ 15. Kd2 Rxf5 16. Kxe2 Nd7 17. Rh3 Raf8 18. Be3 Bxf3+ 19. gxf3 Ra5 20. Rg1
Nf6 21. Ra1 Nh5 22. a4 Nf4+ 23. Bxf4 Rxf4 24. Ke3 Rff5 25. Rg3 Kf7 26. f4 g6
27. Rg5 h6 28. Rg4 e5 29. fxe5 dxe5 30. c3 exd4+ 31. cxd4 b5 32. Rc1 bxa4 33.
Rxc7+ Kf6 34. Rc6+ Kf7 35. Rc7+ Kf6 36. Rc6+ Kf7 1/2-1/2

[Event "V4 OPEN - International Championship of Slovakia 2
[Site "Banska Stiavnica"]
[Date "2013.07.10"]
[Round "5"]
[Board "47"]
[White "Popelka, Oldrich"]
[Black "Mosny, Jaroslav"]
[Result "1/2-1/2"]
[WhiteElo "2094"]
[BlackElo "1926"]
[PlyCount "97"]
[EventDate "2013.07.06"]
[EventRounds "9"]
[EventCountry "SVK"]

1. c4 Nf6 2. Nc3 e5 3. g3 Bc5 4. Bg2 O-O 5. e3 Nc6 6. Nge2 d6 7. O-O a6 8. a3
a5 9. Rb1 Bf5 10. d3 Qc8 11. Nd5 Nxd5 12. Bxd5 Ne7 13. Bh1 c6 14. b4 axb4 15.
axb4 Ba7 16. Bb2 Bh3 17. Re1 f5 18. d4 Qe6 19. Qc2 f4 20. exf4 Qg4 21. dxe5
dxe5 22. Bxe5 Ng6 23. Bd6 Nh4 24. Qd3 Rad8 25. c5 Nf5 26. Bf3 Qg6 27. Be4 Qf7
28. Rbd1 Rfe8 29. Qc2 Nxd6 30. Bxh7+ Kh8 31. cxd6 Qh5 32. Be4 Bg4 33. Ra1 Rxe4
34. Qxe4 Re8 35. Qd3 Bxf2+ 36. Kg2 Qh3+ 37. Kh1 Qh5 38. Ng1 Bxe1 39. d7 Rd8 40.
Rxe1 Bf5 41. Re8+ Kh7 42. Qe2 Qxe2 43. Nxe2 Rxd7 44. Kg2 Rd2 45. Kf3 Rd3+ 46.
Re3 Bg4+ 47. Ke4 Bf5+ 48. Kf3 Bg4+ 49. Ke4 1/2-1/2

[Event "V4 OPEN - International Championship of Slovakia 2
[Site "Banska Stiavnica"]
[Date "2013.07.10"]
[Round "5"]
[Board "48"]
[White "Milcova, Zuzana"]
[Black "Kral, Klaudia"]
[Result "1/2-1/2"]
[WhiteElo "2061"]
[BlackElo "1911"]
[PlyCount "92"]
[EventDate "2013.07.06"]
[EventRounds "9"]
[EventCountry "SVK"]

1. e4 c5 2. c3 d5 3. exd5 Qxd5 4. d4 Nf6 5. Nf3 Bg4 6. Be2 e6 7. O-O Nc6 8. Na3
cxd4 9. Nb5 Qd8 10. Nfxd4 Nxd4 11. Nxd4 Bxe2 12. Qxe2 Be7 13. Bg5 O-O 14. Rfe1
Qd5 15. Nf3 Rfe8 16. a3 Rad8 17. Rad1 Qa5 18. c4 h6 19. Bd2 Qc7 20. Bc3 Nd7 21.
Nd4 Bf8 22. Nb5 Qb8 23. Rd3 a6 24. Nd4 Nc5 25. Rg3 Na4 26. Qc2 Nxc3 27. Qxc3
Qd6 28. Nb3 b6 29. h3 g6 30. Qc2 Bg7 31. Rge3 Re7 32. R3e2 Red7 33. Rd2 Qf4 34.
Rxd7 Rxd7 35. Re4 Qf6 36. Re2 Qd8 37. Nd2 Rd4 38. Nf3 Rd1+ 39. Re1 Rxe1+ 40.
Nxe1 Qd4 41. Nd3 e5 42. Nb4 e4 43. Nd5 Be5 44. Ne3 Bf4 45. Nd1 Kh7 46. Kf1 Be5
1/2-1/2

[Event "V4 OPEN - International Championship of Slovakia 2
[Site "Banska Stiavnica"]
[Date "2013.07.10"]
[Round "5"]
[Board "50"]
[White "Jancura, Andrej"]
[Black "Fiala, Jan"]
[Result "1/2-1/2"]
[WhiteElo "1885"]
[BlackElo "2055"]
[PlyCount "98"]
[EventDate "2013.07.06"]
[EventRounds "9"]
[EventCountry "SVK"]

1. g3 Nf6 2. Bg2 d5 3. Nf3 g6 4. d4 Bg7 5. O-O O-O 6. Nbd2 c6 7. Re1 Ne4 8. c3
Bf5 9. Nh4 Nd7 10. Nxf5 gxf5 11. f3 Nxd2 12. Bxd2 c5 13. e3 cxd4 14. exd4 e6
15. Qc1 Rc8 16. Bh6 Bxd4+ 17. Kh1 Bg7 18. Bxg7 Kxg7 19. Qe3 a6 20. Rad1 Kh8 21.
Bf1 b5 22. Rd4 Qf6 23. a4 bxa4 24. Rxa4 Rb8 25. Qd2 Nc5 26. Ra2 a5 27. Qf2 Nb3
28. Rd1 Rfd8 29. Ra3 Rd6 30. Bc4 Rdb6 31. Bxb3 Rxb3 32. Rxb3 Rxb3 33. Qc2 Rb8
34. f4 Qe7 35. Rd4 Qb7 36. Rd2 d4+ 37. Kg1 dxc3 38. Qxc3+ Kg8 39. Qxa5 Qb6+ 40.
Qxb6 Rxb6 41. Kf2 h5 42. Re2 Kg7 43. Ke3 h4 44. Kd4 hxg3 45. hxg3 Kf6 46. Kc5
Rb3 47. Rg2 e5 48. fxe5+ Kxe5 49. Kc4 Rb8 1/2-1/2

[Event "V4 OPEN - International Championship of Slovakia 2
[Site "Banska Stiavnica"]
[Date "2013.07.10"]
[Round "5"]
[Board "51"]
[White "Jurcisin, Imrich"]
[Black "Chovan, Milan"]
[Result "0-1"]
[WhiteElo "2046"]
[BlackElo "1890"]
[PlyCount "144"]
[EventDate "2013.07.06"]
[EventRounds "9"]
[EventCountry "SVK"]

1. e4 e5 2. Nf3 Nc6 3. Bc4 Nf6 4. Ng5 d5 5. exd5 Na5 6. Bb5+ c6 7. dxc6 bxc6 8.
Qf3 Rb8 9. Bd3 Bd6 10. Nc3 Bg4 11. Qg3 e4 12. Qe3 O-O 13. Ngxe4 Re8 14. O-O
Nxe4 15. Bxe4 f5 16. h3 Bh5 17. g4 fxe4 18. gxh5 Qh4 19. d4 Nc4 20. Qg5 Qxh3
21. Bf4 h6 22. Qg3 Qxg3+ 23. fxg3 Rxb2 24. Rf2 e3 25. Re2 Bxf4 26. gxf4 Nd2 27.
Nd1 Rxc2 28. Nxe3 Nf3+ 29. Kf2 Rxe2+ 30. Kxe2 Nxd4+ 31. Kd3 Rxe3+ 32. Kxd4 Rh3
33. Rc1 Rxh5 34. Rxc6 Ra5 35. Rc2 Kf7 36. Ke4 Kf6 37. Rc6+ Kf7 38. Rc2 h5 39.
f5 Kf6 40. Rc6+ Kf7 41. Rc7+ Kg8 42. Rc2 Ra4+ 43. Kf3 Kf7 44. Rg2 h4 45. Ke3
Kf6 46. Rf2 Kg5 47. Rg2+ Rg4 48. Rf2 Rg3+ 49. Ke4 h3 50. f6 gxf6 51. Rf5+ Kg6
52. Rf1 Rg2 53. Rh1 Rxa2 54. Rxh3 Ra4+ 55. Kd5 f5 56. Ke5 Re4+ 57. Kd5 Kg5 58.
Ra3 Re7 59. Kd6 Re2 60. Rxa7 f4 61. Kd5 f3 62. Kd4 Kf4 63. Kd3 Kg3 64. Rf7 Re8
65. Kd2 Kf2 66. Rf6 Rd8+ 67. Kc2 Ke2 68. Re6+ Kf1 69. Re7 f2 70. Re5 Rf8 71.
Kd2 Kg2 72. Rg5+ Kh3 0-1

[Event "V4 OPEN - International Championship of Slovakia 2
[Site "Banska Stiavnica"]
[Date "2013.07.10"]
[Round "5"]
[Board "52"]
[White "Michalek, Matej"]
[Black "Hladik, Lumir"]
[Result "1/2-1/2"]
[WhiteElo "1885"]
[BlackElo "2045"]
[PlyCount "120"]
[EventDate "2013.07.06"]
[EventRounds "9"]
[EventCountry "SVK"]

1. e4 c6 2. d4 d5 3. exd5 cxd5 4. Bd3 Nc6 5. c3 Nf6 6. h3 e5 7. dxe5 Nxe5 8.
Nf3 Nxd3+ 9. Qxd3 Be7 10. O-O O-O 11. Bg5 h6 12. Bh4 Be6 13. Nd4 Ne4 14. Bxe7
Qxe7 15. Nd2 Nc5 16. Qe3 Qd6 17. Rfe1 Rfe8 18. Rad1 Bd7 19. Qf3 Rxe1+ 20. Rxe1
g6 21. b4 Ne6 22. N2b3 Nxd4 23. Nxd4 Re8 24. Rxe8+ Bxe8 25. Qe3 Bd7 26. Qxh6
Qe5 27. Qe3 Qxe3 28. fxe3 Kg7 29. Kf2 Kf6 30. Kf3 Ke5 31. g4 g5 32. Nb3 Ba4 33.
Nd2 Bb5 34. Kg3 Bc4 35. a4 b5 36. a5 Be2 37. h4 gxh4+ 38. Kxh4 f6 39. g5 Kf5
40. gxf6 Kxf6 41. Nb3 Bc4 42. Nc5 Be2 43. Kg3 Kf5 44. Kf2 Bh5 45. Na6 Be8 46.
Ke2 Ke5 47. Nc7 Bd7 48. Kf3 Bc6 49. Ke2 Bb7 50. Ne8 a6 51. Ng7 Bc8 52. Kf3 Bb7
53. Ke2 Bc8 54. Kd2 Ke4 55. Nh5 Ke5 56. Nf4 Kd6 57. Nd3 Ke6 58. Nc1 Ke5 59. Nb3
Ke4 60. Nd4 Bd7 1/2-1/2

[Event "V4 OPEN - International Championship of Slovakia 2
[Site "Banska Stiavnica"]
[Date "2013.07.10"]
[Round "5"]
[Board "53"]
[White "Marczuk, Dominik"]
[Black "Adamciak, Tomas"]
[Result "1-0"]
[WhiteElo "2043"]
[BlackElo "1853"]
[PlyCount "81"]
[EventDate "2013.07.06"]
[EventRounds "9"]
[EventCountry "SVK"]

1. e4 e5 2. Nf3 Nc6 3. Bc4 Nf6 4. d3 Be7 5. O-O O-O 6. Bb3 d6 7. c3 Na5 8. Bc2
c5 9. Re1 Re8 10. h3 h6 11. d4 Nc6 12. Na3 a6 13. Nc4 Qc7 14. Ne3 cxd4 15. cxd4
Bf8 16. d5 Ne7 17. Bd2 Bd7 18. Bd3 Rac8 19. Kh2 Ng6 20. g3 Qb6 21. Kg2 Bb5 22.
Bb1 a5 23. a4 Ba6 24. Bc3 Nd7 25. Qd2 Rc5 26. Bxa5 Rxa5 27. b4 Rc5 28. bxc5
Nxc5 29. Bc2 Rc8 30. Rab1 Qd8 31. Rec1 Qd7 32. Qd1 Be7 33. Ne1 Bd8 34. Nd3 Nxe4
35. Nxe5 Nxe5 36. Bxe4 Ba5 37. Bf5 Rxc1 38. Rxc1 Qe7 39. Rc8+ Bd8 40. Qd4 g6
41. Qb6 1-0

[Event "V4 OPEN - International Championship of Slovakia 2
[Site "Banska Stiavnica"]
[Date "2013.07.10"]
[Round "5"]
[Board "54"]
[White "Turkova, Karolina"]
[Black "Volna, Lukas"]
[Result "1-0"]
[WhiteElo "2018"]
[BlackElo "1809"]
[PlyCount "55"]
[EventDate "2013.07.06"]
[EventRounds "9"]
[EventCountry "SVK"]

1. e4 Nc6 2. Nf3 d5 3. exd5 Qxd5 4. Nc3 Qa5 5. h3 e5 6. Bc4 Bf5 7. O-O f6 8.
Nh4 Nge7 9. d3 Nd4 10. Bd2 Qc5 11. b4 Qd6 12. f4 O-O-O 13. Kh1 Be6 14. fxe5
fxe5 15. Ne4 Qc6 16. b5 Qe8 17. Bxe6+ Nxe6 18. Qg4 Ng6 19. Ng5 Nxh4 20. Nxe6
Qd7 21. Nxd8 Qxg4 22. hxg4 Kxd8 23. Rxf8+ Rxf8 24. Bg5+ Kd7 25. Bxh4 Rf4 26.
Bg3 Rxg4 27. Bxe5 Rh4+ 28. Kg1 1-0

[Event "V4 OPEN - International Championship of Slovakia 2
[Site "Banska Stiavnica"]
[Date "2013.07.10"]
[Round "5"]
[Board "55"]
[White "Haring, Filip"]
[Black "Karas, Marek"]
[Result "1/2-1/2"]
[WhiteElo "1742"]
[BlackElo "2017"]
[PlyCount "122"]
[EventDate "2013.07.06"]
[EventRounds "9"]
[EventCountry "SVK"]

1. e4 e6 2. d4 d5 3. e5 c5 4. c3 Qb6 5. a3 Bd7 6. Nf3 Bb5 7. Be2 Bxe2 8. Qxe2
Nc6 9. O-O cxd4 10. cxd4 Nge7 11. b4 Nf5 12. Bb2 a6 13. Qd3 Be7 14. Nbd2 O-O
15. Nb3 Rac8 16. Nc5 Rc7 17. Rac1 Rfc8 18. Rc2 Na7 19. Rfc1 Qb5 20. Qd2 Nc6 21.
Nb3 Qb6 22. h3 Qa7 23. Na5 Qb6 24. Nb3 Nd8 25. Nc5 Qa7 26. Nb3 b6 27. Qd3 Rxc2
28. Rxc2 Qb7 29. Nfd2 Rc6 30. Rxc6 Nxc6 31. b5 Nb8 32. bxa6 Nxa6 33. Qb5 Nb8
34. a4 Qc6 35. Kh2 f6 36. Nf3 Nh6 37. exf6 Qxb5 38. axb5 gxf6 39. Bc1 Nf7 40.
Nbd2 Bd6+ 41. g3 Bb4 42. Nb1 Bd6 43. Nc3 Kf8 44. Kg2 Ke7 45. Kf1 Nd7 46. Ke2
Bb4 47. Bd2 Bd6 48. Bc1 Kd8 49. g4 Nf8 50. Ne1 Ng6 51. Nd3 Ne7 52. f4 Nc8 53.
f5 Kd7 54. fxe6+ Kxe6 55. Bf4 Ng5 56. Bxd6 Kxd6 57. Nf4 Ne7 58. h4 Ne6 59. Nxe6
Kxe6 60. Na4 Nc8 61. Ke3 Nd6 1/2-1/2

[Event "V4 OPEN - International Championship of Slovakia 2
[Site "Banska Stiavnica"]
[Date "2013.07.10"]
[Round "5"]
[Board "56"]
[White "Durica, Andrej"]
[Black "Skara, Vladimir"]
[Result "0-1"]
[WhiteElo "1854"]
[BlackElo "2205"]
[PlyCount "52"]
[EventDate "2013.07.06"]
[EventRounds "9"]
[EventCountry "SVK"]

1. e4 e6 2. d4 d5 3. e5 c5 4. c3 Qb6 5. Nf3 Nc6 6. Bd3 cxd4 7. cxd4 Bd7 8. O-O
Nxd4 9. Nxd4 Qxd4 10. Nc3 a6 11. Qe2 Ne7 12. Kh1 Nc6 13. f4 Bc5 14. Bc2 Rc8 15.
Nd1 Qb4 16. a3 Qb6 17. Nc3 Nd4 18. Qd3 Nxc2 19. Qxc2 O-O 20. Qd1 f6 21. exf6
Rxf6 22. f5 Rcf8 23. Bg5 Rxf5 24. Rxf5 Rxf5 25. Qg4 Qxb2 26. Rc1 Qxc1+ 0-1

[Event "V4 OPEN - International Championship of Slovakia 2
[Site "Banska Stiavnica"]
[Date "2013.07.10"]
[Round "5"]
[Board "57"]
[White "Pasztor, Ladislav"]
[Black "Mulenko, Alexander"]
[Result "0-1"]
[WhiteElo "1886"]
[BlackElo "2098"]
[PlyCount "81"]
[EventDate "2013.07.06"]
[EventRounds "9"]
[EventCountry "SVK"]

1. e4 c5 2. Nf3 g6 3. g3 Bg7 4. Bg2 Nc6 5. O-O d6 6. Re1 e5 7. d3 Nge7 8. a4
O-O 9. Nbd2 h6 10. c3 Be6 11. Nf1 d5 12. exd5 Nxd5 13. Ne3 Nde7 14. Qc2 Qc7 15.
Nf1 Rad8 16. Be3 b6 17. Rad1 Qd7 18. Nh4 g5 19. Bxc6 Nxc6 20. Ng2 Bf5 21. f4
Bxd3 22. Qc1 gxf4 23. gxf4 Qg4 24. Ng3 Na5 25. b4 Nb3 26. Qb2 c4 27. fxe5 h5
28. Bf2 h4 29. h3 Qxh3 30. Nh5 Qg4 31. Bxh4 Qxh5 32. Bxd8 Rxd8 33. Qf2 Bxe5 34.
Rxe5 Qxe5 35. Re1 Qxc3 36. Re3 Qc1+ 37. Kh2 Bg6 38. Qf6 Qd2 39. Rg3 Qd6 40. Qg5
Nd2 41. Qg4 0-1

[Event "V4 OPEN - International Championship of Slovakia 2
[Site "Banska Stiavnica"]
[Date "2013.07.10"]
[Round "5"]
[Board "59"]
[White "Toma, Rudolf"]
[Black "Recky, Norbert"]
[Result "1-0"]
[WhiteElo "2068"]
[BlackElo "1879"]
[PlyCount "51"]
[EventDate "2013.07.06"]
[EventRounds "9"]
[EventCountry "SVK"]

1. d4 Nf6 2. c4 g6 3. Nc3 d5 4. e3 Bg7 5. Nf3 O-O 6. Qc2 b6 7. cxd5 Bb7 8. e4
c6 9. Bd3 cxd5 10. e5 Ne8 11. h4 Nc6 12. a3 Qd7 13. Be3 e6 14. h5 Ne7 15. g4 a5
16. Rc1 Ba6 17. Bxa6 Rxa6 18. Qd3 Ra8 19. Rh3 Nc7 20. Ke2 b5 21. Rch1 f6 22.
hxg6 hxg6 23. exf6 Bxf6 24. Bg5 Kf7 25. Bxf6 Kxf6 26. Ne5 1-0